Rekreačné domy na nábreží dovolenkového rezortu v Chorvátsku

Na minha lista:
Detalhes bibliográficos
Autor principal: Poláková, Kristína (Author)
Outros Autores: Ruhig, Roman (Thesis advisor)
Formato: Manuscrito Livro
Idioma:eslovaco
Publicado em: 2023
Assuntos:
Acesso em linha:http://is.stuba.sk/zp/portal_zp.pl?podrobnosti=149934
https://opac.crzp.sk/?fn=detailBiblioForm&sid=0A15AC6E5E2ED0F3D6D0C7342BCF
Tags: Adicionar Tag
Sem tags, seja o primeiro a adicionar uma tag!

MARC

LEADER 00000ntm a22000003a 4500
001 stuzp93820
003 SK-STU
005 20230921084409.3
007 ta
008 150427s2015----xo-----f-mn---000-0-slo-d
040 |a STU  |b slo 
041 0 |a slo 
100 1 |a Poláková, Kristína  |u 010310  |4 aut  |U SvF Stavebná fakulta  |T SvF Katedra architektúry  |X 98304  |U V181|V310  |Y 19  |7 98304 
242 0 1 |a Recreational homes on the waterfront of a holiday resort in Croatia  |y eng 
245 1 0 |a Rekreačné domy na nábreží dovolenkového rezortu v Chorvátsku 
260 |c 2023 
650 4 |a Rekreačný objekt  |2 slo 
650 4 |a Chatka  |2 slo 
650 4 |a Vila dom  |2 slo 
650 4 |a Rezort  |2 slo 
650 4 |a Nábrežie  |2 slo 
650 4 |a Drevostavba  |2 slo 
650 4 |a Recreational homes  |2 eng 
650 4 |a Villa house  |2 eng 
650 4 |a Resort  |2 eng 
700 1 |a Ruhig, Roman  |u 010310  |k Z1  |4 ths  |U SvF Stavebná fakulta  |T SvF Katedra architektúry  |X 7452  |U V181|V310  |Y 19  |7 A000007452 
856 4 |u http://is.stuba.sk/zp/portal_zp.pl?podrobnosti=149934 
856 4 |u https://opac.crzp.sk/?fn=detailBiblioForm&sid=0A15AC6E5E2ED0F3D6D0C7342BCF